000 00616nam a22002297a 4500
003 UA-OsUOA
001 97882
007 ta
008 20130408b un ||||| |||| 00| 0 ukr d
100 _aПлещеев А.
090 _a821.161.1
_bП38
942 _cBK
040 _aUA-OsUOA
_brus
_cUA-OsUOA
_dUA-OsUOA
245 _aИзбранное
_bстихотворения, проза
300 _a688 с.
955 _a3
041 _arus
080 _a821.161.1
260 _aМ.
_bХудож. лит.
_c1960
650 7 _a82 Література. Літературознавство
_2UDC
999 _c384126
_d384126